000
00306nam a22001217a 4500
020
_a
9788124205334
082
_a
620 SHA/EN
100
_a
Shaw Milton C
245
_a
Engineering problem solving- a classical perspective
260
_a
New Delhi
_b
Crest Publishing House
_c
2004
300
_a
472
942
_c
BK
999
_c
13847
_d
13847